Revize a politika revizí

Stručná informácia o rôznych návrhoch na pojem a obsah revízie. Klasifikácia revízií. Politika revízií. Politika a riadenie revízií. Pojem všeobecný harmonogram revízií. Informačná politika ako významná časť riadenia revízií. Vývoj rôznych aspektov politiky revízií a ich zjednocovanie. Revízia národ...

Descripción completa

Guardado en:
Detalles Bibliográficos
Autor principal: Pekárková, Jitka
Formato: Capítulo de libro
Lenguaje:checo
Materias:
Etiquetas: Agregar Etiqueta
Sin Etiquetas, Sea el primero en etiquetar este registro!

MARC

LEADER 00000naa$a2200000$$$4500
001 0014209
005 20231013081053.1
041 0 |a cze 
044 |a CZ 
245 1 0 |a Revize a politika revizí  |c aut. Jitka Pekárková 
520 |a Stručná informácia o rôznych návrhoch na pojem a obsah revízie. Klasifikácia revízií. Politika revízií. Politika a riadenie revízií. Pojem všeobecný harmonogram revízií. Informačná politika ako významná časť riadenia revízií. Vývoj rôznych aspektov politiky revízií a ich zjednocovanie. Revízia národných účtov. Revízia európskych agregátov. Úplné odhady národných účtov. Ročné odhady. Revízie príležitostné alebo ročné. Revízia indexu produkcie. 
610 2 0 |a údaje štatistické medzinárodné 
610 2 0 |a používatelia 
610 2 0 |a metódy štatistické 
610 2 0 |a odhady 
610 2 0 |a metódy matematicko-štatistické 
610 2 0 |a kontrola štatistická 
610 2 0 |a revízia 
610 2 0 |a účty národné 
610 2 0 |a ukazovatele štatistické 
610 2 0 |a aproximácia práva 
100 1 |a Pekárková, Jitka